=LDR 00000nam 2200000 4500 =001 INLIS000000000046027 =005 20150213091441.0 =006 =007 =008 =020 ##$$a 978-979-678-141-6 =035 ##$$0010-021500000000587 =040 ##$$a NBPDMAT =082 ##$$a 530.03 =090 ##$$a 530.03 $b Set e =100 ##$$a Siti Zulaikah =245 ##$$a Ensiklopedi Fisika 03 : $b Sejarah Pengukuran Dan Desain Peralatan / $c Penulis Dr. Siti Zulaikah ; Editor Dr. Irwan Ary Darmawan =250 ##$$a Cet. 1 =260 ##$$a Bandung $b Republika $c 2011 =300 ##$$a vi, 98 hlm $b Ilus $c 29 cm =500 ##$$a Bibliografi : hal. 92 =650 ##$$a Fisika - Ensiklopedi =700 ##$$a Irwan Ary Darmawan